ARRUPE JESUIT UNIVERSITY

CORONAVIRUS -STOP THE SPREAD - CLEAN,DISINFECT,COVER

The Routledge philosophy guidebook to Kripke and Naming and necessity / (Record no. 129614)

MARC details
000 -LEADER
fixed length control field 01342cam a2200313 a 4500
001 - CONTROL NUMBER
control field 17367010
003 - CONTROL NUMBER IDENTIFIER
control field ARRUPE
005 - DATE AND TIME OF LATEST TRANSACTION
control field 20190521113758.0
008 - FIXED-LENGTH DATA ELEMENTS--GENERAL INFORMATION
fixed length control field 120629s2013 enk b 001 0 eng
010 ## - LIBRARY OF CONGRESS CONTROL NUMBER
LC control number 2012026860
020 ## - INTERNATIONAL STANDARD BOOK NUMBER
International Standard Book Number 9780415436212 (hardback : alk. paper)
020 ## - INTERNATIONAL STANDARD BOOK NUMBER
International Standard Book Number 9780415436229 (pbk. : alk. paper)
020 ## - INTERNATIONAL STANDARD BOOK NUMBER
International Standard Book Number 9780203073803 (ebook)
040 ## - CATALOGING SOURCE
Original cataloging agency DLC
Transcribing agency DLC
Modifying agency DLC
042 ## - AUTHENTICATION CODE
Authentication code pcc
050 00 - LIBRARY OF CONGRESS CALL NUMBER
Classification number BD417
Item number .N66 2012
082 00 - DEWEY DECIMAL CLASSIFICATION NUMBER
Classification number 121/.68
Edition number 23
300 ## - PHYSICAL DESCRIPTION
Dimensions 21 cm.
100 1# - MAIN ENTRY--PERSONAL NAME
Personal name Noonan, Harold W.
9 (RLIN) 3780
245 14 - TITLE STATEMENT
Title The Routledge philosophy guidebook to Kripke and Naming and necessity /
Statement of responsibility, etc Harold Noonan.
260 ## - PUBLICATION, DISTRIBUTION, ETC. (IMPRINT)
Place of publication, distribution, etc New York :
Name of publisher, distributor, etc Routledge,
Date of publication, distribution, etc 2013.
300 ## - PHYSICAL DESCRIPTION
Extent viii, 237 p. ;
490 0# - SERIES STATEMENT
Series statement Routledge philosophy guidebooks
504 ## - BIBLIOGRAPHY, ETC. NOTE
Bibliography, etc Includes bibliographical references (p. [227]-230) and index.
600 10 - SUBJECT ADDED ENTRY--PERSONAL NAME
Personal name Kripke, Saul A.,
Dates associated with a name 1940-
Title of a work Naming and necessity.
9 (RLIN) 46433
650 #0 - SUBJECT ADDED ENTRY--TOPICAL TERM
Topical term or geographic name as entry element Necessity (Philosophy)
9 (RLIN) 11386
650 #0 - SUBJECT ADDED ENTRY--TOPICAL TERM
Topical term or geographic name as entry element Reference (Philosophy)
9 (RLIN) 34376
650 #0 - SUBJECT ADDED ENTRY--TOPICAL TERM
Topical term or geographic name as entry element Identity (Philosophical concept)
9 (RLIN) 1396
906 ## - LOCAL DATA ELEMENT F, LDF (RLIN)
a 7
b cbc
c orignew
d 1
e ecip
f 20
g y-gencatlg
942 ## - ADDED ENTRY ELEMENTS (KOHA)
Source of classification or shelving scheme Library of Congress Classification
Koha item type Monograph ( Printed materials)
Holdings
Withdrawn status Lost status Source of classification or shelving scheme Damaged status Not for loan Collection code Home library Current library Shelving location Date acquired Total Checkouts Full call number Barcode Date last seen Date checked out Price effective from Koha item type
    Library of Congress Classification     Main Collection ARRUPE LIBRARY ARRUPE LIBRARY Main Collection 21/05/2019 3 BD417 .N66 2012 46600004812 01/12/2021 12/11/2021 21/05/2019 Monograph ( Printed materials)

 

Arrupe Library. PO Box MP320 Mt Pleasant, Harare, Zimbabwe
263 242 745411|librarian@aju.ac.zw